| 000 | 00424nam a2200145Ia 4500 | ||
|---|---|---|---|
| 008 | 220803s9999 xx 000 0 und d | ||
| 041 | _aeng | ||
| 082 | _a729 SID | ||
| 100 |
_aSID Pub. _920257 |
||
| 245 | _aInterior Design Traditions In India : Post Independence To Pre Liberalization 1947. | ||
| 260 |
_aAhmedabad _bResearch Cell SID _c2007 |
||
| 300 | _a109p | ||
| 500 | _aArchitecture | ||
| 650 |
_aInterior Design _920258 |
||
| 999 |
_c13633 _d13633 |
||